| 000 | 00698nam a22001817a 4500 | ||
|---|---|---|---|
| 999 |
_c14900 _d14900 |
||
| 003 | OSt | ||
| 082 | _2631.587 PRA/AS | ||
| 088 | _aT 393 | ||
| 100 |
_aPRAVALIKA Y.R _93862 |
||
| 245 | _aAssessment of Evapotranspiration Models for the Humid Tropical Region of Tavanur | ||
| 260 |
_aTavanur 2017 _bDepartment of Irrigation and Drainage Engineering |
||
| 300 | _a98 | ||
| 500 | _aAssessment of Evapotranspiration Models for the Humid Tropical Region of Tavanur | ||
| 520 | _aAssessment of Evapotranspiration Models for the Humid Tropical Region of Tavanur | ||
| 700 |
_aDr. Asha Joseph (Guide) _93508 |
||
| 856 | _uhttps://drive.google.com/open?id=1U-NYgGBPRH7oizDxpt4cZQuOGtB_hEYk | ||
| 942 | _cTH | ||